Súčasný stav a trendy vývoja ekonomiky Slovenskej republiky po vstupe do Európskej únie

Teoretické východiská procesu integrácie Slovenska do Európskej únie. Zhodnotenie vplyvu procesu integrácie Slovenska do EÚ na ekonomiku Slovenska.

Gespeichert in:
Bibliographische Detailangaben
1. Verfasser: Kiseľáková, Dana
Weitere Verfasser: Kiseľák, Alexander
Format: Buchkapitel
Sprache:Slowakisch
Schlagworte:
Tags: Tag hinzufügen
Keine Tags, Fügen Sie das erste Tag hinzu!

MARC

LEADER 00000naa$a2200000$$$4500
001 0080624
005 20221128083256.5
041 0 |a slo 
044 |a SK 
245 1 0 |a Súčasný stav a trendy vývoja ekonomiky Slovenskej republiky po vstupe do Európskej únie  |c Dana Kiseľáková, Alexander Kiseľák 
520 |a Teoretické východiská procesu integrácie Slovenska do Európskej únie. Zhodnotenie vplyvu procesu integrácie Slovenska do EÚ na ekonomiku Slovenska. 
610 2 0 |a integrácia ekonomická medzinárodná 
610 2 0 |a rast hospodársky 
610 2 0 |a ukazovatele makroekonomické 
610 2 0 |a konvergencia 
610 2 0 |a Slovensko 
610 2 0 |a Európska únia 
100 1 |a Kiseľáková, Dana 
700 1 |a Kiseľák, Alexander